MARC details
| 000 -LEADER |
| fixed length control field |
01103nam a2200241Ia 4500 |
| 003 - CONTROL NUMBER IDENTIFIER |
| control field |
IN-BaIIA |
| 008 - FIXED-LENGTH DATA ELEMENTS--GENERAL INFORMATION |
| fixed length control field |
211028s9999 xx 000 0 eng d |
| 020 ## - INTERNATIONAL STANDARD BOOK NUMBER |
| International Standard Book Number |
90-277-1273-5 |
| 040 ## - CATALOGING SOURCE |
| Transcribing agency |
IIA Library |
| 080 ## - UNIVERSAL DECIMAL CLASSIFICATION NUMBER |
| Universal Decimal Classification number |
082.2:52 |
| Item number |
IAU-S93 |
| 111 ## - MAIN ENTRY--MEETING NAME |
| Meeting name or jurisdiction name as entry element |
International Astronomical Union Symposium no.93 on Fundamental Problems in the theory of Stellar Evolution |
| Location of meeting |
Kyoto University |
| Date of meeting or treaty signing |
1980 July 22-25 |
| 9 (RLIN) |
11852 |
| 245 #0 - TITLE STATEMENT |
| Title |
Fundamental problems in the theory of stellar evolution |
| Remainder of title |
proceedings of the international Astronomical Union Symposium no.93 on fundamental problems in the theory of Stellar Evolution, held in Kyoto University, Kyoto, Japan, July 22-25, 1980 |
| Statement of responsibility, etc. |
edited by Daiichiro Sugimoto, Donald Q. Lamb, and David N. Schramm. |
| 260 ## - PUBLICATION, DISTRIBUTION, ETC. |
| Place of publication, distribution, etc. |
Dordrecht |
| Name of publisher, distributor, etc. |
D. Reidel Publishing |
| Date of publication, distribution, etc. |
1981 |
| 300 ## - PHYSICAL DESCRIPTION |
| Extent |
xv, 347p. |
| 650 ## - SUBJECT ADDED ENTRY--TOPICAL TERM |
| Topical term or geographic name entry element |
Astronomy and Astrophysics Thesaurus |
| 650 ## - SUBJECT ADDED ENTRY--TOPICAL TERM |
| Topical term or geographic name entry element |
Star formation |
| 650 ## - SUBJECT ADDED ENTRY--TOPICAL TERM |
| Topical term or geographic name entry element |
Stellar Evolution |
| 650 ## - SUBJECT ADDED ENTRY--TOPICAL TERM |
| Topical term or geographic name entry element |
Stellar structure |
| 700 ## - ADDED ENTRY--PERSONAL NAME |
| Personal name |
Lamb, Donald Q., ed. |
| 9 (RLIN) |
11853 |
| 700 ## - ADDED ENTRY--PERSONAL NAME |
| Personal name |
Schramm, David N., ed. |
| 9 (RLIN) |
11149 |
| 700 ## - ADDED ENTRY--PERSONAL NAME |
| Personal name |
Sugimoto, Daichiro., ed. |
| 9 (RLIN) |
11854 |
| 942 ## - ADDED ENTRY ELEMENTS (KOHA) |
| Koha item type |
Books |